• 首页
  • 本馆介绍
  • 公告通知
  • 最新文献
  • 馆藏检索
  • 电子资源
  • 读者导购
  • 参考咨询
  • 我的图书馆
  • 登录
  • 详细信息显示
  • 放入我的书架
  • 预约/预借图书
  • 作者相关作品
  • 分类相关作品
  • 丛书相关作品
  • 出版社相关作品

书目信息

  • 表格格式
  • 工作单格式
  • 卡片格式
题名:
成人教育管理
    
 
作者: 周嘉方 著
分册:  
出版信息: 上海   上海科技教育出版社  1997.12
页数: 279页
开本: 32开
丛书名: 成人教育理论丛书
单 册:
中图分类: G720-51
科图分类:
主题词: 类型 , 教育
电子资源:
ISBN: 7-5428-1614-4
000 00587nam0 2200229 45
001 0004061785
005 20031219104044.5
010    @a7-5428-1614-4@dCNY17.20
100    @a20000406d1997 km y0chiy0120 ea
101    @achi
105    @a z 000yy
200 1  @a成人教育管理@f周嘉方著
210    @a上海@c上海科技教育出版社@d1997.12
215    @a279页@d32开
225    @a成人教育理论丛书
410    @12001 @a成人教育理论丛书
606 0  @x类型
606 0  @a教育
690    @aG720-51@v1
701    @a周嘉方@4著
801    @aCN@bTSTC@c20000406
905    @f5@b287285-289@dG720-51@e71:4
    
    成人教育管理/周嘉方著.-上海:上海科技教育出版社,1997.12
    279页;32开.-(成人教育理论丛书)
    
    
    ISBN 7-5428-1614-4:CNY17.20
    
●
相关链接 在E读中查询图书 在五车中查询图书 在当当中查询图书 在豆瓣中查询图书


正题名:成人教育管理     索取号:G720-51/71:4         预约/预借

序号 登录号 条形码 馆藏地/架位号 状态 备注
1 0287285   002872859   密集书库/ [索取号:G720-51/71:4] 在馆    
2 0287286   002872868   第四借阅区/ [索取号:G720-51/71:4] 在馆    
3 0287287   002872877   密集书库/ [索取号:G720-51/71:4] 在馆    
4 0287288   002872886   第四借阅区/ [索取号:G720-51/71:4] 在馆    
5 0287289   002872895   第一样本阅览室/ [索取号:G720-51/71:4] 在馆    
唐山师范学院图书馆 欢迎您!
大连网信软件有限公司© 版权所有